=LDR 00000nam 2200000 4500 =001 INLIS000000000036529 =005 20130612142318 =008 ***********************************Ind** =035 ##$$0010-061300000036529 =041 ##$$a Ind =082 ##$$a F Rom K =090 ##$$a F Rom K, Her s =100 ##$$a herman, Gail =245 ##$$a Silvermist dan kutukan keoik, Gail Herman ; alih bahasa, Vina Damajanti =260 ##$$a 2009 $b Jakarta =300 ##$$a 111 hlm, ilus, 21 cm =650 ##$$a Fiksi kanak-kanak =700 ##$$a Damajanii, Vina =850 ##$$a NBPNMAT